| 000 | 01230nam a2200265Ia 4500 | ||
|---|---|---|---|
| 003 | Ost | ||
| 005 | 20260507075150.0 | ||
| 008 | 260507s9999||||xx |||||||||||||| ||und|| | ||
| 020 | _a83672499579 | ||
| 040 | _cfsecg | ||
| 041 | _aara | ||
| 082 | _a330 | ||
| 100 |
_aطعمة، حسين ياسين _eمؤلف |
||
| 245 | 0 |
_aبحوث العمليات : _bنماذج و تطبيقات / _c حسين ياسين طعمة |
|
| 260 |
_aعمان: _bدار صفاء, _c2009 |
||
| 300 |
_a368 صفحة؛ _bإيضاحات ؛ _c24 سم |
||
| 504 | _aمراجع ص.361(اقتناءات 2014 3ن) | ||
| 520 | _aمفهوم بحوث العمليات و تطوره ، البرمجة الخطية ، البرمة الخطية : الطريقة المبسطة ، النموذج المقابل ، نموذج النقل ، نماذج النقل متعددة المراحل ، نموذج التخصيص، نظرية الاحتمال ،نظرية صفوف الانتظار ، تحليل ماركوف ، المعولية | ||
| 653 | _aالبحوث | ||
| 653 | _aالبرمجيات | ||
| 653 | _aالحاسوب | ||
| 653 | _aبحوث العمليات | ||
| 700 |
_aمحمد النسور، مروان _eمؤلف ثانوي |
||
| 942 | _cكتاب | ||
| 999 |
_c43339 _d43339 |
||